O čem diskutuje světové fórum bankovních supervizorů?

V dňoch 10.-15.6.1996 sa konala v Stockholme 9. konferencia predstaviteľov bankových dohľadov a centrálnych bánk zo 138 krajín sveta. Jednanie bolo zamerané na 2 témy: "Bankový dohľad nad dcérskymi spoločnosťami a pobočkami pôsobiacimi v zahraničí" (téma rozpracovaná v príspevku) a "Kvalitný dohľad...

Ausführliche Beschreibung

Gespeichert in:
Bibliographische Detailangaben
1. Verfasser: Mašindová, V.
Format: Buchkapitel
Sprache:Tschechisch
Schlagworte:
Tags: Tag hinzufügen
Keine Tags, Fügen Sie das erste Tag hinzu!

MARC

LEADER 00000naa a2200000 4500
001 r021445
005 20230908090252.8
041 0 |a cze 
044 |a CZ 
245 1 0 |a O čem diskutuje světové fórum bankovních supervizorů?  |c V. Mašindová 
520 |a V dňoch 10.-15.6.1996 sa konala v Stockholme 9. konferencia predstaviteľov bankových dohľadov a centrálnych bánk zo 138 krajín sveta. Jednanie bolo zamerané na 2 témy: "Bankový dohľad nad dcérskymi spoločnosťami a pobočkami pôsobiacimi v zahraničí" (téma rozpracovaná v príspevku) a "Kvalitný dohľad a domáce systémy bankového dohľadu". 
610 2 0 |a dohľad bankový 
610 2 0 |a konferencie 
610 2 0 |a 1996 
610 2 0 |a Stockholm 
610 2 0 |a banky emisné 
610 2 0 |a spoločnosti dcérske 
610 2 0 |a pobočky bankové 
100 1 |a Mašindová, V.